|
|
|
|
| LEADER |
00881nab a2200205 i 4500 |
| 001 |
acta71694 |
| 005 |
20220502112918.0 |
| 008 |
210125s2004 hu o 0|| hun d |
| 020 |
|
|
|a 963 460 378 5
|
| 040 |
|
|
|a SZTE Egyetemi Kiadványok Repozitórium
|b hun
|
| 041 |
|
|
|a hun
|
| 100 |
1 |
|
|a Krajkó Gyula
|
| 245 |
1 |
2 |
|a A gazdasági mikrokörzetek elvi és módszertani kérdései
|h [elektronikus dokumentum] /
|c Krajkó Gyula
|
| 260 |
|
|
|a SZTE Gazdaság- és Társadalomföldrajz Tanszék
|b Szeged
|c 2004
|
| 300 |
|
|
|a 11-27
|
| 490 |
0 |
|
|a 40 éves a Szegedi Tudományegyetem Gazdaság- és Társadalomföldrajz Tanszéke
|
| 650 |
|
4 |
|a Társadalomtudományok
|
| 650 |
|
4 |
|a Társadalom- és gazdaságföldrajz
|
| 695 |
|
|
|a Társadalomföldrajz - Magyarország, Gazdasági földrajz - Magyarország
|
| 856 |
4 |
0 |
|u http://acta.bibl.u-szeged.hu/71694/1/40_eves_a_szte_gtt_011-027.pdf
|z Dokumentum-elérés
|